000 00486nam a22001697a 4500
999 _c6764
_d6764
003 GBCCL
005 20241126110611.0
008 180626b ||||| |||| 00| 0 eng d
040 _cgbc
082 _a228.007
_bLOS
100 _aLosier, Andrew J.
_912131
245 _aA short study of the book of Revelation /
_cAndrew J. Losier
260 _aGeorgia:
_bChristian Literature & Bible Center
300 _a89 p.;
_c27 cm.
650 _aBible
_vRevelation
_xStudy
_98210
942 _2ddc
_cBK
_02